000 00408cam a2200181 4500
001 D12621
008 090401t1948 xxu||||| |||| 00| 0 eng d
035 _a(Sirsi) u4752
041 _aeng
100 _aDenman, D.
245 _aTenant-right valuation and current legislation
260 _bHeffer
_c1948
300 _a74p
350 _a0.25
520 _aShelf 114
942 _n0
948 _c04/03/1997
999 _c86059
_d86059